000 00641nam a22001817a 4500
999 _c191229
_d191229
005 20220823145429.0
010 _aENG-134551
020 _a9789384726676
_c1995.00
035 _aEN-118083
037 _bDBAD/PUB
082 _a658.4038011
100 _aChheda, Rajesh U
245 _aLearn Tally. ERP9;
_bWith GST
_cRajesh U. Chheda
260 _aNew Delhi
_bAne Books pvt ltd.
_c2017
270 _a4821, Parwana Bhawan, 1st floor,24 Ansari Road, darya Ganj
_bNew Delhi
_e110002
_k+91(011)-23276843-44
_l+91(011)-23276863
_mkapoor@anebooks.com
300 _axi: 313p.
_bIndex
_c24cm(hb)
942 _2ddc
_cEN
_h658.4038011
_mCHH